000 01081nam a22002897a 4500
003 CHAP
005 20220329134745.0
008 971013s1960 r 00010 d
010 _a25357
011 _a26329
035 _a30430
040 _cCHAP
082 _a658.1
_bB7
100 0 0 _aBrunetti, Antonio.
_915787
245 _aTratados del derecho de las sociedades
260 _aBuenos Aires :
_bUTHEA,
_c1960
300 _a3 v.
505 _aContenido : v.1 Parte general. Las sociedades personales. Las sociedades de armamento entre copropietarios de naves.-v.2 Sociedades por acciones.-v.3 Sociedades de responsabilidad limitada. Sociedades cooperativas. Apendice : Mutuas de seguros
590 _aBATCH-UPD
_b10
_c20130110
_lUCH01
_h1004
590 _aCONVERSION
_b10
_c20130109
_lUCH01
_h1315
650 1 4 _aSociedades.
_9108114
901 _aBK
942 _cLIBRO
949 _a658.1 B7
_bBC
_cBPA
_d-70610
_eBPA
_fv.1
_h11624
_i30430
_si
949 _a658.1 B7
_bBC
_cBPA
_d-70611
_eBPA
_fv.2
_h11625
_i30430
_si
949 _a658.1 B7
_bBC
_cBPA
_d-70612
_eBPA
_fv.3
_h11626
_i30430
_si
999 _c25357
_d25357